1853 1319 1497 1905 1900 1699 1511 1744 1135 1035 1221 1722 1741 1128 1314 1343 1418 1909 1636 1559 1163 1306 1878 1079 1288 1136 1052 1697 1476 1842 1393 1959 1848 1727 1681 1019 1544 1519 1375 1435 1714 1171 1430 1559 1694 1697 1587 1899 1522 1917 1911 1047 1261 1876 1165 1299 1883 1646 1339 1219 1607 1120 1571 1627 1645 1295 1480 1009 1909 1378 1197 1954 1148 1393 1805 1521 1529 1605 1661 1192 1777 1861 1831 1999 1757 1813 1053 1034 1365 1689 1040 1582 1852 1669 1419 1819 1348 1453 1551 BCNSPRNW ULIB Ver.6.0+V

เปลี่ยนเป็นภาษาไทย

Change to English
 แสดงรายละเอียดบรรณานุกรม
  กลับหน้าหลัก

Brief Record : Get Marc (ISO 2709) : E-mail record : QR code < ปิดหน้าต่าง
LEADER : 00000nam 2200000uu 4500
001    13399125824
003     ULIB
008    020711s2017 th a 000 0 eng d
020    ^a9781496349620
060    ^aWQ200^bB-D
100    ^aBriggs, Gerald G.
245    ^aDrugs in Pregnancy and Lactation/^cBriggs, Gerald G.
250    ^a11st ed
260    ^aPhiladelphia :^bWolters Kluwer,^c2017
300    ^a1646 pages;^b30 cm
650    ^aPregnancy-Drugs^xLactation
945    ^p3425^l0^i003205
999    ^aประนอม เกษจรัล
รายการนี้ยังไม่มีแท็ก
คุณยังไม่ได้ล็อกอิน คุณสามารถมีกิจกรรมร่วมกับเว็บไซต์ได้ แต่ต้องล็อกอินก่อน ::
  ล็อกอิน

รายการสื่อสารสนเทศ

ลำดับที่ ประเภท เลขเรียก/บาร์โค้ด สถานที่ สถานะ
1. หนังสือสำรอง
หนังสือสำรอง
WQ200 B-D ฉ.1 
  Barcode: 003205
ห้องสมุดวิทยาเขตสวรรค์ประชารักษ์
►หนังสือทั่วไป
บนชั้น

รายการใกล้เคียง
    ผู้แต่ง [Briggs, Gerald G.]

BibComment


ยังไม่เคยถูกคอมเมนท์

คอมเมนท์ทรัพยากรรายการนี้
  คอมเมนท์: Drugs in Pregnan..


 Copyright 2026. Bcnsprnw @Library